[Event "Oberliga Ost A 2018 2019"]
[Site "?"]
[Date "2019.02.03"]
[Round "7.6"]
[White "Schuetze, Norman"]
[Black "Floeter, Frank"]
[Result "1-0"]
[WhiteElo "2268"]
[BlackElo "2136"]
[PlyCount "51"]
[EventDate "2018.10.21"]
[EventType "team-tourn"]
[EventCountry "GER"]
[WhiteTeam "Loeberitz SG"]
[BlackTeam "Aue ESV Nickelhuette II"]
[WhiteTeamCountry "GER"]
[BlackTeamCountry "GER"]

1. e4 Nf6 2. e5 Nd5 3. d4 d6 4. Nf3 dxe5 5. Nxe5 c6 6. Be2 Nd7 7. Nf3 N7b6 8.
c4 Nf6 9. h3 h6 10. Bd3 e6 11. O-O c5 12. Be3 cxd4 13. Bxd4 Be7 14. Nc3 O-O 15.
Qe2 Nbd7 16. Rfd1 Qa5 17. a3 Qh5 18. Ne4 g6 19. Ng3 Qa5 20. b4 Qc7 21. Ne5 Re8
22. Rac1 b6 23. c5 bxc5 24. bxc5 Nxe5 25. Bxe5 Qa5 26. Bxf6 1-0

[Event "Oberliga Ost A 2018 2019"]
[Site "?"]
[Date "2019.02.03"]
[Round "7.7"]
[White "Heinz, Juergen"]
[Black "Schindler, Christian"]
[Result "1/2-1/2"]
[WhiteElo "2212"]
[BlackElo "2190"]
[PlyCount "48"]
[EventDate "2018.10.21"]
[EventType "team-tourn"]
[EventCountry "GER"]
[WhiteTeam "Aue ESV Nickelhuette II"]
[BlackTeam "Loeberitz SG"]
[WhiteTeamCountry "GER"]
[BlackTeamCountry "GER"]

1. d4 c5 2. e3 Nf6 3. c4 e6 4. Nf3 b6 5. Nc3 Bb7 6. d5 d6 7. e4 Be7 8. Bd3 exd5
9. exd5 O-O 10. O-O Nbd7 11. Re1 Re8 12. h3 Nf8 13. Bc2 Ng6 14. Ba4 Nd7 15. Ne4
h6 16. Bd2 Bf8 17. Bc3 Qc7 18. Qd2 Ba6 19. b3 Rab8 20. Bxd7 Qxd7 21. a4 Bb7 22.
Ng3 Rxe1+ 23. Rxe1 Re8 24. Rxe8 Qxe8 1/2-1/2

[Event "Oberliga Ost A 2018 2019"]
[Site "?"]
[Date "2019.02.03"]
[Round "7.8"]
[White "Schuster, Martin"]
[Black "Poessel, Christian"]
[Result "1-0"]
[WhiteElo "2206"]
[BlackElo "1993"]
[PlyCount "97"]
[EventDate "2018.10.21"]
[EventType "team-tourn"]
[EventCountry "GER"]
[WhiteTeam "Loeberitz SG"]
[BlackTeam "Aue ESV Nickelhuette II"]
[WhiteTeamCountry "GER"]
[BlackTeamCountry "GER"]

1. d4 Nf6 2. Nf3 e6 3. c4 b6 4. e3 Bb7 5. Bd3 c5 6. O-O Be7 7. Nc3 cxd4 8. exd4
d6 9. Re1 Nbd7 10. h3 O-O 11. Bf4 a6 12. Qe2 Re8 13. Rad1 Rc8 14. Ng5 Bf8 15.
Nce4 Nxe4 16. Bxe4 Bxe4 17. Qxe4 Nf6 18. Qd3 Qc7 19. b3 h6 20. Ne4 Nh5 21. Bh2
f5 22. Qf3 g6 23. Nc3 b5 24. c5 b4 25. Na4 Nf6 26. Nb6 Rcd8 27. Nc4 Ne4 28.
Rxe4 fxe4 29. Qxe4 Qf7 30. Bxd6 Qf5 31. Re1 Qxe4 32. Rxe4 Bxd6 33. Nxd6 Re7 34.
Kf1 Rdd7 35. Ke2 Rc7 36. Kd3 e5 37. Kc4 exd4 38. Rxe7 Rxe7 39. Kxd4 Kf8 40. c6
Rc7 41. Kd5 Ke7 42. f4 Kd8 43. f5 gxf5 44. Nxf5 Rf7 45. g4 h5 46. Ke6 Rf8 47.
g5 h4 48. g6 Kc7 49. g7 1-0

[Event "Oberliga Ost A 2018 2019"]
[Site "?"]
[Date "2019.02.03"]
[Round "7.1"]
[White "Zwahr, Paul"]
[Black "Pietsch, Michael"]
[Result "1-0"]
[WhiteElo "2271"]
[BlackElo "2189"]
[PlyCount "165"]
[EventDate "2018.10.21"]
[EventType "team-tourn"]
[EventCountry "GER"]
[WhiteTeam "Dresden SG Gruen Weiss"]
[BlackTeam "Coswig TuS"]
[WhiteTeamCountry "GER"]
[BlackTeamCountry "GER"]

1. e4 c6 2. d4 d5 3. e5 c5 4. dxc5 e6 5. a3 Nc6 6. Nf3 Bxc5 7. b4 Bb6 8. Bb2
Nge7 9. Bd3 Ng6 10. O-O Nf4 11. c4 Nxd3 12. Qxd3 dxc4 13. Qxc4 O-O 14. Nc3 Nd4
15. Nxd4 Qxd4 16. Qe2 Qf4 17. Rad1 Bd4 18. Nb5 Bxb2 19. Qxb2 b6 20. Nd6 Rb8 21.
Rfe1 Bb7 22. Rd4 Qg5 23. f4 Qe7 24. f5 exf5 25. Nxf5 Qe6 26. Qf2 Bc8 27. Rf4
Rb7 28. Re3 Rc7 29. h3 Qd5 30. Rd4 Qe6 31. Nd6 Qe7 32. Kh2 Be6 33. Ne4 Rc4 34.
Rd2 Rd8 35. Nd6 Rc7 36. Qf4 Rcd7 37. Rg3 Kh8 38. Rgd3 Kg8 39. Rd4 Kf8 40. Rc2
Kg8 41. Rc3 Rc7 42. Qd2 Rcd7 43. Rcd3 Qf8 44. Qg5 f6 45. exf6 Qxf6 46. Qg3 h6
47. Qe3 Qg6 48. Qe5 Qf6 49. Qg3 Bf5 50. Rd2 Kh7 51. Qf4 Bg6 52. Qxf6 gxf6 53.
g4 Kg7 54. Kg3 Kf8 55. Kf4 Rc7 56. h4 Rc1 57. h5 Rf1+ 58. Kg3 Bh7 59. Nb5 Rxd4
60. Rxd4 Ra1 61. Rd8+ Ke7 62. Ra8 Bd3 63. Rxa7+ Ke6 64. Rb7 Bxb5 65. Rxb6+ Kf7
66. Rxb5 Rxa3+ 67. Kf4 Ra1 68. Rb7+ Ke6 69. Rb6+ Kf7 70. Rc6 Rb1 71. Rc4 Ke6
72. Ke4 Rb3 73. Rc6+ Ke7 74. Rb6 Kf7 75. b5 Rb4+ 76. Kf5 Rb1 77. Rb7+ Kf8 78.
Kxf6 Rf1+ 79. Kg6 Rg1 80. Rf7+ Kg8 81. Rf4 Rb1 82. Rf5 Rb4 83. Kxh6 1-0

[Event "Oberliga Ost A 2018 2019"]
[Site "?"]
[Date "2019.02.03"]
[Round "7.2"]
[White "Schweitzer, Andreas"]
[Black "Rudolf, Sebastian"]
[Result "1/2-1/2"]
[WhiteElo "2269"]
[BlackElo "2297"]
[PlyCount "33"]
[EventDate "2018.10.21"]
[EventType "team-tourn"]
[EventCountry "GER"]
[WhiteTeam "Coswig TuS"]
[BlackTeam "Dresden SG Gruen Weiss"]
[WhiteTeamCountry "GER"]
[BlackTeamCountry "GER"]

1. e4 c6 2. d4 d5 3. e5 Bf5 4. Nf3 e6 5. Be2 c5 6. Be3 cxd4 7. Nxd4 Ne7 8. Nd2
Nbc6 9. N2f3 Be4 10. O-O Bxf3 11. Nxf3 Ng6 12. c4 dxc4 13. Bxc4 Qc7 14. Qb3 Be7
15. Rac1 O-O 16. Bd3 Rfc8 17. Bxg6 1/2-1/2

[Event "Oberliga Ost A 2018 2019"]
[Site "?"]
[Date "2019.02.03"]
[Round "7.3"]
[White "Siedentopf, Daniel"]
[Black "Mueller, Richard"]
[Result "1/2-1/2"]
[WhiteElo "2300"]
[BlackElo "2161"]
[PlyCount "23"]
[EventDate "2018.10.21"]
[EventType "team-tourn"]
[EventCountry "GER"]
[WhiteTeam "Dresden SG Gruen Weiss"]
[BlackTeam "Coswig TuS"]
[WhiteTeamCountry "GER"]
[BlackTeamCountry "GER"]

1. d4 d5 2. c4 c6 3. Nf3 Nf6 4. e3 Bg4 5. h3 Bh5 6. g4 Bg6 7. Ne5 e6 8. Nd2
Nbd7 9. Nxg6 hxg6 10. Bg2 Bd6 11. O-O g5 12. Re1 1/2-1/2

[Event "Oberliga Ost A 2018 2019"]
[Site "?"]
[Date "2019.02.03"]
[Round "7.4"]
[White "Klawa, Patrick"]
[Black "Gehmlich, Marcel"]
[Result "1-0"]
[WhiteElo "2167"]
[BlackElo "2200"]
[PlyCount "51"]
[EventDate "2018.10.21"]
[EventType "team-tourn"]
[EventCountry "GER"]
[WhiteTeam "Coswig TuS"]
[BlackTeam "Dresden SG Gruen Weiss"]
[WhiteTeamCountry "GER"]
[BlackTeamCountry "GER"]

1. e4 c5 2. Nf3 e6 3. b4 cxb4 4. d4 d5 5. e5 Ne7 6. Bd3 Nd7 7. a3 Nc6 8. Be3 f5
9. g4 fxg4 10. Ng5 Ndxe5 11. dxe5 Nxe5 12. Bb5+ Nc6 13. Qxg4 Qf6 14. Ra2 h6 15.
Nf3 Bd6 16. Rg1 O-O 17. Nbd2 e5 18. Qh5 Kh8 19. Rg6 Qf5 20. Qxf5 Bxf5 21. Rxd6
d4 22. Bxc6 bxc6 23. axb4 Rab8 24. Nxd4 exd4 25. Rxd4 Rb7 26. Ne4 1-0

[Event "Oberliga Ost A 2018 2019"]
[Site "?"]
[Date "2019.02.03"]
[Round "7.5"]
[White "Nake, Matthias"]
[Black "Escher, Thomas"]
[Result "1/2-1/2"]
[WhiteElo "2167"]
[BlackElo "2179"]
[PlyCount "102"]
[EventDate "2018.10.21"]
[EventType "team-tourn"]
[EventCountry "GER"]
[WhiteTeam "Dresden SG Gruen Weiss"]
[BlackTeam "Coswig TuS"]
[WhiteTeamCountry "GER"]
[BlackTeamCountry "GER"]

1. e4 c5 2. Nc3 a6 3. Nf3 b5 4. d4 cxd4 5. Nxd4 Bb7 6. Bd3 e6 7. O-O b4 8. Nb1
Qc7 9. a3 Nf6 10. Qe2 Nc6 11. Nxc6 Qxc6 12. Re1 d5 13. e5 Ne4 14. axb4 Bxb4 15.
c3 Bc5 16. Bxe4 dxe4 17. Be3 Bxe3 18. Qxe3 Rd8 19. Na3 Rd3 20. Qg5 O-O 21. Nc2
h6 22. Qg4 Rd2 23. Re2 Rxe2 24. Qxe2 Qc5 25. Qe3 Qxe5 26. Qd4 Qxd4 27. Nxd4 Rd8
28. Kf1 Bd5 29. Ke1 e5 30. Nc2 Bc4 31. Ne3 Bd3 32. Ra5 f6 33. b4 Kf7 34. Rc5 g6
35. g4 Ke6 36. Rc7 Rd7 37. Rc8 Kf7 38. Rh8 Kg7 39. Rc8 h5 40. h3 hxg4 41. hxg4
Kh6 42. Rc6 Kg5 43. c4 f5 44. gxf5 gxf5 45. Re6 Kf4 46. Rf6 Kg5 47. Rxf5+ Kg6
48. Rxe5 Rb7 49. Re6+ Kf7 50. Rxa6 Rxb4 51. Ra7+ Ke6 1/2-1/2

[Event "Oberliga Ost A 2018 2019"]
[Site "?"]
[Date "2019.02.03"]
[Round "7.6"]
[White "Piotraschke, Jens"]
[Black "Hutsch, Oliver"]
[Result "1/2-1/2"]
[WhiteElo "2131"]
[BlackElo "2125"]
[PlyCount "163"]
[EventDate "2018.10.21"]
[EventType "team-tourn"]
[EventCountry "GER"]
[WhiteTeam "Coswig TuS"]
[BlackTeam "Dresden SG Gruen Weiss"]
[WhiteTeamCountry "GER"]
[BlackTeamCountry "GER"]

1. d4 Nf6 2. Nf3 e6 3. c4 b6 4. g3 Bb7 5. Bg2 Be7 6. Nc3 Ne4 7. Qd3 Nxc3 8.
Qxc3 Be4 9. O-O O-O 10. Ne1 Bxg2 11. Nxg2 f5 12. Qd3 Bf6 13. Bd2 g6 14. Bc3 d6
15. e4 Nd7 16. exf5 exf5 17. Nf4 Rf7 18. Rfe1 Nf8 19. Re2 c6 20. Qf3 Qd7 21.
Rae1 Re7 22. Rxe7 Bxe7 23. d5 c5 24. h4 Re8 25. h5 Bg5 26. Rxe8 Qxe8 27. hxg6
hxg6 28. Qh1 Nh7 29. Ne6 Bf6 30. Bxf6 Nxf6 31. Qh6 Qf7 32. Nf4 Nd7 33. Qxg6+
Qxg6 34. Nxg6 Kf7 35. Nh4 Kf6 36. Nf3 Kg6 37. Kf1 Nf6 38. Ke2 Ng4 39. Nh4+ Kf6
40. f3 Ne5 41. b3 a6 42. Ng2 Ng6 43. f4 Ne7 44. Kf3 Ng8 45. Ne3 Kg6 46. g4
fxg4+ 47. Kxg4 Nf6+ 48. Kf3 Ng8 49. Nf1 Nh6 50. Ng3 Kf6 51. Ne4+ Ke7 52. Kg3
Nf5+ 53. Kg4 Ne3+ 54. Kg5 b5 55. Nd2 bxc4 56. bxc4 Kf7 57. f5 a5 58. a4 Kg7 59.
Kf4 Ng2+ 60. Ke4 Kf6 61. Nb3 Nh4 62. Nxa5 Nxf5 63. Nc6 Ng7 64. a5 Ne8 65. a6
Nc7 66. a7 Na8 67. Na5 Nb6 68. Kf4 Na8 69. Nb7 Ke7 70. Kf5 Nb6 71. Na5 Na8 72.
Nc6+ Kd7 73. Kf6 Nb6 74. Nb8+ Kc7 75. Ke6 Kb7 76. Kxd6 Nxc4+ 77. Kxc5 Nb6 78.
Nc6 Ka8 79. Kd6 Nxd5 80. Kxd5 Kb7 81. Kd6 Ka8 82. Kc7 1/2-1/2

[Event "Oberliga Ost A 2018 2019"]
[Site "?"]
[Date "2019.02.03"]
[Round "7.7"]
[White "Kunze, Christopher"]
[Black "Merker, Matthias"]
[Result "1/2-1/2"]
[WhiteElo "2120"]
[BlackElo "2137"]
[PlyCount "22"]
[EventDate "2018.10.21"]
[EventType "team-tourn"]
[EventCountry "GER"]
[WhiteTeam "Dresden SG Gruen Weiss"]
[BlackTeam "Coswig TuS"]
[WhiteTeamCountry "GER"]
[BlackTeamCountry "GER"]

1. e4 d5 2. exd5 Nf6 3. Bb5+ Bd7 4. Be2 Nxd5 5. d4 Bf5 6. a3 e6 7. c4 Nb6 8.
Nf3 Nc6 9. Be3 Be7 10. h3 O-O 11. Nc3 Bf6 1/2-1/2

[Event "Oberliga Ost A 2018 2019"]
[Site "?"]
[Date "2019.02.03"]
[Round "7.8"]
[White "Kunath, Tim"]
[Black "Butscher, Daniel"]
[Result "1/2-1/2"]
[WhiteElo "2080"]
[BlackElo "2164"]
[PlyCount "133"]
[EventDate "2018.10.21"]
[EventType "team-tourn"]
[EventCountry "GER"]
[WhiteTeam "Coswig TuS"]
[BlackTeam "Dresden SG Gruen Weiss"]
[WhiteTeamCountry "GER"]
[BlackTeamCountry "GER"]

1. e4 e5 2. Nf3 d6 3. d4 exd4 4. Nxd4 Nf6 5. Nc3 Be7 6. g3 Nc6 7. Nxc6 bxc6 8.
Bg2 Ba6 9. e5 Nd7 10. exd6 Bxd6 11. Ne2 Qe7 12. Be3 Rb8 13. O-O O-O 14. Rb1 Ne5
15. Re1 Rfd8 16. Qc1 Bb4 17. Nc3 Bxc3 18. bxc3 Rxb1 19. Qxb1 Qf6 20. Bf4 Ng4
21. Qc1 g5 22. Be3 h6 23. h3 Nxe3 24. Qxe3 Bc4 25. a3 a5 26. Be4 Kg7 27. Bg2
Bd5 28. Bxd5 Rxd5 29. Kg2 Qd6 30. Qe7 Rc5 31. Qe3 Rc4 32. Re2 Qd5+ 33. Kh2 Qd6
34. Kg2 Qf6 35. Qe8 Rxc3 36. Kh2 Rxa3 37. Rd2 Qe6 38. Qd8 Rf3 39. Qxc7 Qe1 40.
Qxc6 Qxd2 41. Qxf3 Qxc2 42. Kg2 Qc5 43. Qe4 Qb4 44. Qe5+ Kg6 45. Qe8 Qd6 46.
Qg8+ Kf6 47. Qh8+ Ke7 48. Qa8 Qc5 49. Kg1 Qc1+ 50. Kg2 Qc5 51. Kg1 Qb4 52. Qd5
Kf6 53. Qd8+ Kg7 54. Qd5 a4 55. Qe5+ Kg8 56. Qe8+ Kg7 57. Qe5+ f6 58. Qc7+ Kg6
59. Qc2+ Kf7 60. Qc7+ Ke6 61. Qc6+ Ke7 62. Qc7+ Ke6 63. Qc6+ Ke5 64. Qe8+ Kd4
65. Qe3+ Kc4 66. Qe4+ Kc3 67. Qe1+ 1/2-1/2

[Event "Oberliga Ost A 2018 2019"]
[Site "?"]
[Date "2019.02.03"]
[Round "7.1"]
[White "Moehn, Hans"]
[Black "Bures, Jaroslav"]
[Result "1/2-1/2"]
[WhiteElo "2370"]
[BlackElo "2393"]
[PlyCount "50"]
[EventDate "2018.10.21"]
[EventType "team-tourn"]
[EventCountry "GER"]
[WhiteTeam "Dresden USV TU II"]
[BlackTeam "Hoyerswerda FVS ASP"]
[WhiteTeamCountry "GER"]
[BlackTeamCountry "GER"]

1. Nf3 d5 2. g3 g6 3. Bg2 Bg7 4. d4 Nf6 5. O-O O-O 6. c4 c6 7. Qb3 a5 8. Nc3 a4
9. Qb4 dxc4 10. Qxc4 Qa5 11. Qd3 Rd8 12. e4 Bg4 13. Be3 e5 14. Nxe5 Qxe5 15.
dxe5 Rxd3 16. exf6 Bxf6 17. a3 Nd7 18. h3 Be6 19. Rfd1 Ne5 20. Bf1 Rxd1 21.
Rxd1 Bb3 22. Rc1 Rd8 23. f4 Nd3 24. Bxd3 Rxd3 25. Kf2 Rxc3 1/2-1/2

[Event "Oberliga Ost A 2018 2019"]
[Site "?"]
[Date "2019.02.03"]
[Round "7.2"]
[White "Spivak, Ilya"]
[Black "Urban, Konstantin"]
[Result "1/2-1/2"]
[WhiteElo "2311"]
[BlackElo "2312"]
[PlyCount "23"]
[EventDate "2018.10.21"]
[EventType "team-tourn"]
[EventCountry "GER"]
[WhiteTeam "Hoyerswerda FVS ASP"]
[BlackTeam "Dresden USV TU II"]
[WhiteTeamCountry "GER"]
[BlackTeamCountry "GER"]

1. e4 c5 2. Nf3 d6 3. d4 cxd4 4. Nxd4 Nf6 5. Nc3 a6 6. Nb3 Nc6 7. Be2 e6 8. a4
b6 9. O-O Be7 10. Be3 O-O 11. f4 Bb7 12. Bf3 1/2-1/2

[Event "Oberliga Ost A 2018 2019"]
[Site "?"]
[Date "2019.02.03"]
[Round "7.3"]
[White "Wegener, Dirk"]
[Black "Orsag, Milan"]
[Result "0-1"]
[WhiteElo "2383"]
[BlackElo "2286"]
[PlyCount "64"]
[EventDate "2018.10.21"]
[EventType "team-tourn"]
[EventCountry "GER"]
[WhiteTeam "Dresden USV TU II"]
[BlackTeam "Hoyerswerda FVS ASP"]
[WhiteTeamCountry "GER"]
[BlackTeamCountry "GER"]

1. e4 c5 2. Nf3 e6 3. d4 cxd4 4. Nxd4 Nc6 5. Nc3 Qc7 6. Be2 a6 7. O-O Nf6 8.
Be3 Be7 9. f4 d6 10. Qe1 O-O 11. Qg3 Nxd4 12. Bxd4 b5 13. a3 Bb7 14. Rae1 Rad8
15. Kh1 Rd7 16. Bd3 g6 17. Qh3 Re8 18. f5 e5 19. Be3 Qd8 20. Rf3 d5 21. fxg6
hxg6 22. exd5 Bxd5 23. Nxd5 Rxd5 24. Ref1 e4 25. Bxe4 Rh5 26. Qxh5 Nxh5 27.
Rxf7 Qd6 28. Bd3 Qe6 29. R7f3 Rf8 30. Bd4 Rxf3 31. Rxf3 Bg5 32. Rf1 Nf4 0-1

[Event "Oberliga Ost A 2018 2019"]
[Site "?"]
[Date "2019.02.03"]
[Round "7.4"]
[White "Kesik, Klaus Dieter"]
[Black "Wong, Gengchun"]
[Result "1-0"]
[WhiteElo "2194"]
[BlackElo "2142"]
[PlyCount "73"]
[EventDate "2018.10.21"]
[EventType "team-tourn"]
[EventCountry "GER"]
[WhiteTeam "Hoyerswerda FVS ASP"]
[BlackTeam "Dresden USV TU II"]
[WhiteTeamCountry "GER"]
[BlackTeamCountry "GER"]

1. d4 d5 2. Nf3 Nf6 3. e3 e6 4. Bd3 Bd6 5. c3 Nbd7 6. Nbd2 e5 7. dxe5 Nxe5 8.
Nxe5 Bxe5 9. e4 O-O 10. O-O dxe4 11. Nxe4 Nxe4 12. Bxe4 Bxh2+ 13. Kxh2 Qh4+ 14.
Kg1 Qxe4 15. Re1 Qc6 16. Bf4 Be6 17. Qh5 Rad8 18. Qh2 Rd7 19. Qg3 Bc4 20. b3
Be6 21. Rad1 Rxd1 22. Rxd1 Bf5 23. Bxc7 Qg6 24. Qe3 Be4 25. Bg3 Bc6 26. Qxa7 f5
27. Rd6 Qg5 28. Qc5 Qc1+ 29. Kh2 Qf1 30. f3 Qe2 31. Qf2 Qe7 32. Qd2 g5 33. Qd3
f4 34. Bf2 Qf7 35. Rd8 Kg7 36. Qd6 Rxd8 37. Bd4+ 1-0

[Event "Oberliga Ost A 2018 2019"]
[Site "?"]
[Date "2019.02.03"]
[Round "7.5"]
[White "Salzmann, Peter"]
[Black "Jahnel, Guenther"]
[Result "0-1"]
[WhiteElo "2160"]
[BlackElo "2201"]
[PlyCount "70"]
[EventDate "2018.10.21"]
[EventType "team-tourn"]
[EventCountry "GER"]
[WhiteTeam "Dresden USV TU II"]
[BlackTeam "Hoyerswerda FVS ASP"]
[WhiteTeamCountry "GER"]
[BlackTeamCountry "GER"]

1. c4 g6 2. g3 Bg7 3. Bg2 e5 4. Nc3 Nc6 5. e3 d6 6. Nge2 Nge7 7. O-O O-O 8. b3
Be6 9. Bb2 Qd7 10. Nd5 f5 11. Nxe7+ Qxe7 12. d4 Bf7 13. Qd2 e4 14. Rac1 g5 15.
Nc3 Rae8 16. Nd5 Qd7 17. f3 exf3 18. Bxf3 Bg6 19. b4 Nd8 20. b5 c6 21. bxc6
bxc6 22. Nc3 Nf7 23. Qg2 Rc8 24. g4 Rfe8 25. gxf5 Bxf5 26. Rfe1 g4 27. Be4 Ng5
28. Bxf5 Qxf5 29. Kh1 Nf3 30. Re2 Re6 31. Nd1 Rh6 32. Qg3 Qd3 33. Rf2 Rxh2+ 34.
Qxh2 Nxh2 35. Kxh2 Rf8 0-1

[Event "Oberliga Ost A 2018 2019"]
[Site "?"]
[Date "2019.02.03"]
[Round "7.6"]
[White "Boehm, Robert"]
[Black "Oehl, Tim"]
[Result "1/2-1/2"]
[WhiteElo "2169"]
[BlackElo "2126"]
[PlyCount "61"]
[EventDate "2018.10.21"]
[EventType "team-tourn"]
[EventCountry "GER"]
[WhiteTeam "Hoyerswerda FVS ASP"]
[BlackTeam "Dresden USV TU II"]
[WhiteTeamCountry "GER"]
[BlackTeamCountry "GER"]

1. d4 e6 2. Nf3 f5 3. g3 Nf6 4. Bg2 Be7 5. O-O O-O 6. c4 d6 7. Nc3 a5 8. Re1
Ne4 9. Qc2 d5 10. Ne5 Nd7 11. cxd5 Nxc3 12. Nxd7 Qxd7 13. dxe6 Qxd4 14. bxc3
Qf6 15. e4 Qxe6 16. Bf4 Bd8 17. exf5 Qf7 18. Qb3 Qxb3 19. axb3 Bf6 20. Be5 Ra6
21. Bd5+ Kh8 22. Bxf6 Raxf6 23. Be6 b6 24. Bxc8 Rxc8 25. Re5 Rcf8 26. Rd1 Kg8
27. Rd7 Rxf5 28. Ree7 R8f7 29. Re8+ Rf8 30. Rxf8+ Kxf8 31. Rxc7 1/2-1/2

[Event "Oberliga Ost A 2018 2019"]
[Site "?"]
[Date "2019.02.03"]
[Round "7.7"]
[White "Richter, Philipp"]
[Black "Grohmann, Alexander"]
[Result "0-1"]
[WhiteElo "2009"]
[BlackElo "1984"]
[PlyCount "80"]
[EventDate "2018.10.21"]
[EventType "team-tourn"]
[EventCountry "GER"]
[WhiteTeam "Dresden USV TU II"]
[BlackTeam "Hoyerswerda FVS ASP"]
[WhiteTeamCountry "GER"]
[BlackTeamCountry "GER"]

1. d4 d5 2. c4 e6 3. Nc3 Be7 4. cxd5 exd5 5. Nf3 c6 6. Qc2 g6 7. Bf4 Bf5 8. Qd2
Nd7 9. h3 Ngf6 10. e3 O-O 11. Be2 Ne4 12. Nxe4 dxe4 13. Ne5 Nxe5 14. Bxe5 Bd6
15. Bxd6 Qxd6 16. Qc3 Be6 17. g4 a5 18. a3 Bd5 19. Rc1 f5 20. g5 f4 21. Kd2 b6
22. Rcf1 Rac8 23. Kc1 c5 24. Kb1 c4 25. h4 f3 26. Bd1 b5 27. Qxa5 c3 28. Qb4
Qxb4 29. axb4 cxb2 30. Bc2 Ra8 31. Kxb2 Ra2+ 32. Kb1 Rfa8 33. Rc1 Ra1+ 34. Kb2
R8a2+ 35. Kc3 Ra3+ 36. Kd2 R1a2 37. Rb1 Bb3 38. Rhc1 Ba4 39. d5 Rd3+ 40. Ke1
Bxc2 0-1

[Event "Oberliga Ost A 2018 2019"]
[Site "?"]
[Date "2019.02.03"]
[Round "7.8"]
[White "Heyme, Sibylle"]
[Black "Ledfuss, Guntram"]
[Result "0-1"]
[WhiteElo "2044"]
[BlackElo "2007"]
[PlyCount "70"]
[EventDate "2018.10.21"]
[EventType "team-tourn"]
[EventCountry "GER"]
[WhiteTeam "Hoyerswerda FVS ASP"]
[BlackTeam "Dresden USV TU II"]
[WhiteTeamCountry "GER"]
[BlackTeamCountry "GER"]

1. e4 e5 2. Nf3 Nc6 3. Bb5 a6 4. Ba4 Nf6 5. O-O Be7 6. Re1 b5 7. Bb3 O-O 8. c3
d5 9. exd5 Nxd5 10. Nxe5 Nxe5 11. Rxe5 c6 12. d4 Bd6 13. Re1 Qh4 14. g3 Qh3 15.
Be3 Bg4 16. Qd3 f5 17. Qf1 Qxf1+ 18. Rxf1 f4 19. Bd2 Rf5 20. c4 bxc4 21. Bxc4
Raf8 22. Nc3 Bh3 23. Rfe1 fxg3 24. fxg3 Kh8 25. Ne4 Bc7 26. Rad1 h5 27. Be3 Bg4
28. Rd2 Ba5 29. Bxa6 Nxe3 30. Rxe3 Bxd2 31. Nxd2 Rf2 32. Ne4 Rxb2 33. Bc4 Bh3
34. Re1 Rc2 35. Bb3 Re2 0-1

[Event "Oberliga Ost A 2018 2019"]
[Site "?"]
[Date "2019.02.03"]
[Round "7.2"]
[White "Becker, Michael"]
[Black "Heinrich, Thomas"]
[Result "1-0"]
[WhiteElo "2257"]
[BlackElo "2186"]
[PlyCount "157"]
[EventDate "2018.10.21"]
[EventType "team-tourn"]
[EventCountry "GER"]
[WhiteTeam "Halle USV"]
[BlackTeam "Leipzig VfB Schach"]
[WhiteTeamCountry "GER"]
[BlackTeamCountry "GER"]

1. e4 Nf6 2. e5 Nd5 3. d4 d6 4. c4 Nb6 5. exd6 exd6 6. Nc3 Nc6 7. Be3 Be7 8.
Bd3 O-O 9. Nge2 Bg4 10. h3 Bh5 11. Qd2 Nb4 12. Nf4 Bg6 13. Nxg6 Nxd3+ 14. Qxd3
hxg6 15. O-O d5 16. c5 Nc4 17. Bf4 c6 18. b3 Na5 19. Rfe1 Bf6 20. Bd6 Re8 21.
Rxe8+ Qxe8 22. Bc7 Bd8 23. Bxd8 Qxd8 24. Re1 b5 25. Re5 Qd7 26. Qe3 Kf8 27. Ne2
Nb7 28. Nf4 Re8 29. Nd3 Nd8 30. g4 f6 31. Rxe8+ Qxe8 32. Nf4 g5 33. Ne2 Qe6 34.
Kg2 Kf7 35. Ng3 g6 36. Kf3 Qe7 37. Qxe7+ Kxe7 38. b4 Ne6 39. Ne2 f5 40. Ke3 Kf6
41. Ng1 Nf8 42. Nf3 Nd7 43. Kd3 Nb8 44. Ne5 Kg7 45. Ke2 Kf6 46. Ke3 fxg4 47.
Nxg4+ Ke6 48. Ne5 Kf6 49. f3 Kg7 50. Kf2 Kf6 51. Kg2 Ke6 52. Kg3 Kf5 53. Nf7
Kf6 54. Nd8 Kf5 55. Nb7 Ke6 56. Kg4 Kf6 57. Nd6 Na6 58. a3 Nc7 59. f4 Ne6 60.
fxg5+ Ke7 61. h4 Nxd4 62. h5 gxh5+ 63. Kxh5 Ne6 64. Kg6 Nf8+ 65. Kf5 Ne6 66. g6
Ng7+ 67. Ke5 a6 68. Nf7 Ne6 69. Nh6 Ng7 70. Ng4 Ne6 71. Nf2 Ng7 72. Nd3 Ne6 73.
Nc1 Ng5 74. Ne2 Nf3+ 75. Kf5 Nh4+ 76. Kg5 Nf3+ 77. Kh6 Kf8 78. Kh7 Ng5+ 79. Kh8
1-0

[Event "Oberliga Ost A 2018 2019"]
[Site "?"]
[Date "2019.02.03"]
[Round "7.3"]
[White "Geiling, Christian"]
[Black "Hartge, Gedeon"]
[Result "1/2-1/2"]
[WhiteElo "2180"]
[BlackElo "2205"]
[PlyCount "69"]
[EventDate "2018.10.21"]
[EventType "team-tourn"]
[EventCountry "GER"]
[WhiteTeam "Leipzig VfB Schach"]
[BlackTeam "Halle USV"]
[WhiteTeamCountry "GER"]
[BlackTeamCountry "GER"]

1. d4 Nf6 2. c4 c5 3. d5 b5 4. Nf3 Bb7 5. a4 bxc4 6. Nc3 e6 7. d6 Nd5 8. Ne4
Qa5+ 9. Bd2 Nb4 10. Nc3 Bxd6 11. e4 Ba6 12. Bg5 Nd3+ 13. Bxd3 cxd3 14. e5 Bc7
15. O-O Nc6 16. Re1 c4 17. Bd2 Qb6 18. Ng5 Bxe5 19. Qh5 O-O-O 20. Nxf7 Bc7 21.
Nxh8 Rxh8 22. Rab1 Na5 23. Be3 Qc6 24. Qf7 Nb3 25. Qxg7 Rd8 26. Bg5 Bb7 27.
Bxd8 Bxd8 28. f3 Nd2 29. Rbd1 Nxf3+ 30. gxf3 Qxf3 31. Qg8 Qh1+ 32. Kf2 Qf3+ 33.
Kg1 Qh1+ 34. Kf2 Qf3+ 35. Kg1 1/2-1/2

[Event "Oberliga Ost A 2018 2019"]
[Site "?"]
[Date "2019.02.03"]
[Round "7.4"]
[White "Puls, Thomas"]
[Black "Rohne, Lars"]
[Result "1/2-1/2"]
[WhiteElo "2206"]
[BlackElo "2155"]
[PlyCount "34"]
[EventDate "2018.10.21"]
[EventType "team-tourn"]
[EventCountry "GER"]
[WhiteTeam "Halle USV"]
[BlackTeam "Leipzig VfB Schach"]
[WhiteTeamCountry "GER"]
[BlackTeamCountry "GER"]

1. e4 c5 2. Nf3 d6 3. Bb5+ Bd7 4. Bxd7+ Qxd7 5. c4 Nc6 6. d4 cxd4 7. Nxd4 Nf6
8. Nc3 e6 9. O-O Be7 10. Be3 O-O 11. Qe2 a6 12. f4 Rab8 13. Rad1 Qc7 14. Rc1
Nd7 15. Kh1 Rfc8 16. Nf3 Qa5 17. Rfd1 Rd8 1/2-1/2

[Event "Oberliga Ost A 2018 2019"]
[Site "?"]
[Date "2019.02.03"]
[Round "7.5"]
[White "Collini, Carsten"]
[Black "Schulte, Felix"]
[Result "1-0"]
[WhiteElo "2124"]
[BlackElo "2076"]
[PlyCount "99"]
[EventDate "2018.10.21"]
[EventType "team-tourn"]
[EventCountry "GER"]
[WhiteTeam "Leipzig VfB Schach"]
[BlackTeam "Halle USV"]
[WhiteTeamCountry "GER"]
[BlackTeamCountry "GER"]

1. e4 c5 2. Nf3 e6 3. Nc3 a6 4. g3 Nc6 5. Bg2 Nd4 6. O-O d6 7. d3 Ne7 8. Ne2
Nec6 9. c3 Nxf3+ 10. Bxf3 e5 11. Bg2 Be7 12. Be3 O-O 13. f4 Bg4 14. h3 exf4 15.
gxf4 Bh5 16. Qd2 f5 17. Ng3 Bg6 18. exf5 Bxf5 19. Bd5+ Kh8 20. Nxf5 Rxf5 21.
Be6 Rf6 22. f5 Qe8 23. Rae1 Qh5 24. Qg2 g6 25. Qg4 Qxg4+ 26. hxg4 Ne5 27. g5
Rff8 28. f6 Bd8 29. d4 cxd4 30. cxd4 Nf7 31. d5 Ba5 32. Re2 Rae8 33. a3 h5 34.
b4 Bd8 35. Rc2 Kh7 36. Kg2 Ne5 37. Bf4 Bb6 38. Re2 Bc7 39. Rc1 Bb8 40. Rc3 Rd8
41. b5 axb5 42. Rb2 Nd7 43. Rxb5 Nc5 44. Be3 Ba7 45. Bxc5 Bxc5 46. Rxb7+ Kh8
47. Rg7 Rb8 48. Rxg6 Rb7 49. Rh6+ Rh7 50. g6 1-0